[Event "4NCL Online Division 7"]
[Site "online"]
[Date "2021.01.26"]
[Round "1.47"]
[White "Vera, Louis"]
[Black "Oshundiya, Angelo"]
[Result "0-1"]
[WhiteElo "1112"]
[BlackElo "1486"]
[PlyCount "94"]
[EventDate "2021.01.26"]
[WhiteTeam "MHJ Knights"]
[BlackTeam "Streatham B"]

1. d4 d5 2. c4 e6 3. Nc3 Bb4 4. Nf3 Ne7 5. Bg5 h6 6. Bf4 Ng6 7. Bg3 Nd7 8. a3
Bxc3+ 9. bxc3 Nf6 10. cxd5 Qxd5 11. e3 c6 12. c4 Qa5+ 13. Qd2 Qd8 14. Rc1 Ne4
15. Qb4 a5 16. Qb1 Nxg3 17. hxg3 Qe7 18. Bd3 Nf8 19. Bc2 Qxa3 20. Rd1 Nd7 21.
d5 Qc3+ 22. Nd2 Ne5 23. dxe6 Bxe6 24. Qxb7 O-O 25. f4 Qxe3+ 26. Kf1 Ng4 27. Ne4
Bxc4+ 28. Rd3 Bxd3+ 29. Bxd3 Qxd3+ 30. Ke1 Qxe4+ 31. Kd1 Nf2+ 32. Kc1 Nxh1 33.
Qb2 Qe1+ 34. Kc2 Qe2+ 35. Kb1 Qxb2+ 36. Kxb2 a4 37. Ka3 Rfe8 38. f5 Re3+ 39.
Ka2 Rd8 40. Kb1 a3 41. Kc1 a2 42. Kb2 Rd2+ 43. Kc1 a1=Q+ 44. Kxd2 Qd4+ 45. Kc2
Rc3+ 46. Kb2 Qb4+ 47. Ka2 Ra3# 0-1

[Event "4NCL Online Division 7"]
[Site "online"]
[Date "2021.01.26"]
[Round "1.48"]
[White "Adatia, Amar"]
[Black "Qiu, Calvin"]
[Result "0-1"]
[WhiteElo "1373"]
[BlackElo "932"]
[PlyCount "120"]
[EventDate "2021.01.26"]
[WhiteTeam "Streatham B"]
[BlackTeam "MHJ Knights"]

1. d4 d5 2. c4 e6 3. Nf3 Nf6 4. a3 b6 5. Nc3 Nc6 6. cxd5 exd5 7. Bf4 Be7 8. e3
O-O 9. Rc1 Bb7 10. Bd3 Re8 11. O-O Qd7 12. Bb5 a6 13. Ne5 Qe6 14. Bxc6 Bxc6 15.
Nxc6 Qxc6 16. Na4 Qe6 17. Bxc7 b5 18. Nc5 Bxc5 19. dxc5 Rac8 20. Bf4 Ne4 21. b4
Ra8 22. f3 Nf6 23. Qd3 Qc6 24. Rfd1 a5 25. Kf2 axb4 26. axb4 Ra4 27. Qc3 Ra2+
28. Rc2 Ra4 29. Ra1 Re4 30. fxe4 Nxe4+ 31. Kg1 Nxc3 32. Rxa4 Nxa4 33. Rd2 Nc3
34. Be5 Ne4 35. Ra2 f6 36. Bd4 Ng5 37. Ra7 Ne6 38. Bc3 Nd8 39. Be1 Qe6 40. Bf2
Nc6 41. Rb7 Nxb4 42. Rxb5 Nd3 43. g3 Nxf2 44. Kxf2 Qf5+ 45. Kg2 Qc2+ 46. Kf3 d4
47. Rb8+ Kf7 48. Rc8 Qf5+ 49. Ke2 Qxc8 50. exd4 Ke6 51. Kd3 Kd5 52. Kc3 Qa6 53.
Kb4 Qc4+ 54. Ka5 Qxd4 55. Kb6 Qxc5+ 56. Kb7 Qd6 57. Ka7 Qc6 58. Kb8 Qd7 59. Ka8
Kc6 60. h4 Qb7# 0-1

[Event "4NCL Online Division 7"]
[Site "online"]
[Date "2021.01.26"]
[Round "1.55"]
[White "Bentham, Sam"]
[Black "Burke, Alexander"]
[Result "1-0"]
[WhiteElo "1621"]
[BlackElo "1187"]
[PlyCount "95"]
[EventDate "2021.01.26"]
[WhiteTeam "Oxford 5"]
[BlackTeam "Manchester Juniors D"]

1. c4 e5 2. Nc3 Nc6 3. Nf3 Bb4 4. Qc2 Bxc3 5. Qxc3 d6 6. e4 Nf6 7. d3 Bd7 8.
Be2 Qe7 9. O-O O-O 10. Bg5 Bg4 11. b4 Nd4 12. Nxd4 exd4 13. Qb2 Bxe2 14. Qxe2
Qe5 15. f4 Qe6 16. Qf2 Ng4 17. Qxd4 c5 18. Qb2 f6 19. Bh4 Qf7 20. Rae1 f5 21.
h3 Qh5 22. Be7 Rf7 23. hxg4 fxg4 24. Kf2 Rxe7 25. Rh1 Qf7 26. g3 cxb4 27. Qxb4
a5 28. Qc3 Rc7 29. Rb1 a4 30. Rb5 Qd7 31. Rhb1 Ra6 32. Qb4 Ra7 33. Rb6 d5 34.
exd5 Qf5 35. Qd2 Qh5 36. Qe3 Qh2+ 37. Ke1 Kf8 38. R6b2 Qh1+ 39. Kd2 Qg2+ 40.
Kc3 Qh3 41. Qxa7 Rc8 42. Rxb7 Qh6 43. Rf7+ Kg8 44. Qd7 g6 45. Rb7 Rf8 46. Rg7+
Kh8 47. Rxh7+ Qxh7 48. Qxh7# 1-0

[Event "4NCL Online Division 7"]
[Site "online"]
[Date "2021.01.26"]
[Round "1.56"]
[White "Eccleston, Rowan"]
[Black "Henbest, Kevin B"]
[Result "0-1"]
[WhiteElo "1181"]
[BlackElo "1626"]
[PlyCount "76"]
[EventDate "2021.01.26"]
[WhiteTeam "Manchester Juniors D"]
[BlackTeam "Oxford 5"]

1. f4 Nf6 2. Nf3 d6 3. e3 g6 4. Nc3 Bg7 5. Bd3 Nbd7 6. O-O Nc5 7. Qe2 Nxd3 8.
Qxd3 O-O 9. b3 b6 10. Nd5 a5 11. Nxf6+ Bxf6 12. Rb1 Ba6 13. c4 d5 14. Qc2 c5
15. Bb2 Qd6 16. Bxf6 exf6 17. Qc3 Rfe8 18. h3 Re4 19. Qc2 Rae8 20. Rfe1 dxc4
21. bxc4 Bxc4 22. Qb2 b5 23. Nh2 Bd3 24. Rbc1 b4 25. Ng4 R4e6 26. a3 h5 27. Nf2
Ba6 28. axb4 axb4 29. Qc2 c4 30. Qa4 Qd5 31. Qxb4 Bb7 32. e4 Rxe4 33. Nxe4 Rxe4
34. Kf1 Rxf4+ 35. Ke2 Qd3+ 36. Kd1 Bxg2 37. Re8+ Kh7 38. Qf8 Rf1+ 0-1

[Event "4NCL Online Division 7"]
[Site "online"]
[Date "2021.01.26"]
[Round "1.57"]
[White "Hertog, Alexander"]
[Black "Fung, Marcus"]
[Result "1-0"]
[WhiteElo "1577"]
[BlackElo "1087"]
[PlyCount "133"]
[EventDate "2021.01.26"]
[WhiteTeam "Oxford 5"]
[BlackTeam "Manchester Juniors D"]

1. c4 c5 2. Nc3 Nc6 3. Nf3 g6 4. g3 Bg7 5. Bg2 Nf6 6. O-O O-O 7. d3 d6 8. Rb1
Qc7 9. a3 b6 10. b4 Bb7 11. Bd2 Nd8 12. Qc1 Ne6 13. Nb5 Qd7 14. Bh6 a6 15. Bxg7
Nxg7 16. Nc3 Rab8 17. bxc5 Bxf3 18. Bxf3 bxc5 19. Nd5 Nxd5 20. Bxd5 e6 21. Bg2
Nf5 22. Rb2 Rfe8 23. Qb1 Qc7 24. e3 Ne7 25. Qa2 Red8 26. Rfb1 d5 27. cxd5 exd5
28. Rxb8 Rxb8 29. Rxb8+ Qxb8 30. Bxd5 Nxd5 31. Qxd5 Qb1+ 32. Kg2 Qc1 33. Qa8+
Kg7 34. Qxa6 Qc2 35. Qc4 Qb1 36. Qxc5 Qxd3 37. Qd4+ Qxd4 38. exd4 Kf8 39. a4
Ke7 40. a5 Kd7 41. Kf3 Kc7 42. Ke4 f5+ 43. Kd5 Kb7 44. Ke6 Ka6 45. Ke7 Kxa5 46.
d5 Kb6 47. d6 f4 48. d7 fxg3 49. d8=Q+ Kb5 50. fxg3 h5 51. Qg8 h4 52. Qxg6 h3
53. Qh5+ Kc4 54. Qxh3 Kd3 55. Qe6 Kd2 56. Qe4 Kc3 57. Kd6 Kd2 58. Qf3 Ke1 59.
Qg2 Kd1 60. Kc5 Kc1 61. Kc4 Kd1 62. Kd3 Kc1 63. Qe2 Kb1 64. Kc3 Ka1 65. Qd2 Kb1
66. Kb3 Ka1 67. Qe1# 1-0

[Event "4NCL Online Division 7"]
[Site "online"]
[Date "2021.01.26"]
[Round "1.58"]
[White "Sheehy, Lewis"]
[Black "Murawski, Jan"]
[Result "0-1"]
[WhiteElo "1030"]
[BlackElo "1529"]
[PlyCount "38"]
[EventDate "2021.01.26"]
[WhiteTeam "Manchester Juniors D"]
[BlackTeam "Oxford 5"]

1. d4 Nf6 2. Bf4 c5 3. c3 Qb6 4. Qc2 cxd4 5. cxd4 Nc6 6. e3 e6 7. a3 Nd5 8. Bg3
Qa5+ 9. Nc3 h5 10. Nf3 Bb4 11. Rc1 Bxc3+ 12. bxc3 Qxa3 13. c4 Qa5+ 14. Nd2 Ndb4
15. Qb2 O-O 16. Bd6 Re8 17. Ra1 Qxa1+ 18. Qxa1 Nc2+ 19. Kd1 Nxa1 0-1

[Event "4NCL Online Division 7"]
[Site "online"]
[Date "2021.01.26"]
[Round "1.65"]
[White "Mahon, Paul"]
[Black "Marchettini, Cristiano"]
[Result "0-1"]
[WhiteElo "1150"]
[BlackElo "1465"]
[PlyCount "98"]
[EventDate "2021.01.26"]
[WhiteTeam "Wantage C"]
[BlackTeam "Catford Cosmonauts 4"]

1. e4 e5 2. Nf3 Nc6 3. Bc4 Bc5 4. c3 Nf6 5. d4 exd4 6. cxd4 Bb4+ 7. Bd2 Nxe4 8.
Bxf7+ Kxf7 9. Qb3+ d5 10. Bxb4 Re8 11. O-O Kg8 12. Nbd2 Nxb4 13. Qxb4 Qd6 14.
Qxd6 Nxd6 15. h3 Bf5 16. Rfe1 c6 17. Rxe8+ Rxe8 18. Re1 Rxe1+ 19. Nxe1 Ne4 20.
Nxe4 dxe4 21. Kf1 Kf7 22. Ke2 Ke6 23. Ke3 Kd5 24. Nc2 a5 25. b3 b6 26. Ke2 Be6
27. Ke3 c5 28. dxc5 Kxc5 29. Kxe4 Bd5+ 30. Kf4 Bxg2 31. h4 Bd5 32. Ke3 a4 33.
b4+ Kc4 34. Kd2 Be4 35. a3 Bxc2 36. Kxc2 b5 37. f3 h5 38. f4 g6 39. Kb2 Kd4 40.
Kc2 Ke4 41. Kd2 Kxf4 42. Ke2 Kg4 43. Kf2 Kxh4 44. Kf3 Kh3 45. Kf4 h4 46. Kf3
Kh2 47. Kg4 h3 48. Kf3 Kg1 49. Kg3 h2 0-1

[Event "4NCL Online Division 7"]
[Site "online"]
[Date "2021.01.26"]
[Round "1.66"]
[White "Foreman, Anthony"]
[Black "Kachkanov, Bayr"]
[Result "1-0"]
[WhiteElo "1475"]
[BlackElo "985"]
[PlyCount "97"]
[EventDate "2021.01.26"]
[WhiteTeam "Catford Cosmonauts 4"]
[BlackTeam "Wantage C"]

1. d4 d5 2. e4 c6 3. e5 e6 4. Nf3 Be7 5. Bd3 Nd7 6. O-O Nh6 7. Nc3 O-O 8. Bxh6
gxh6 9. Qd2 Qb6 10. Qxh6 f5 11. Qxe6+ Rf7 12. Qh6 Nf8 13. Ne2 Ne6 14. Qc1 Bd7
15. c3 c5 16. Nf4 Nxf4 17. Qxf4 c4 18. Be2 Qxb2 19. Qd2 Qxd2 20. Nxd2 Rb8 21.
f4 Kh8 22. Bf3 Rg7 23. Bxd5 b5 24. a3 Rd8 25. Bf3 Be6 26. Rfb1 a6 27. Nf1 h6
28. Ne3 Rg6 29. Bb7 Bc8 30. Bf3 Be6 31. Kf2 Bd7 32. g3 Rg7 33. d5 Bc5 34. d6
Be6 35. Ke2 Rb8 36. Nd5 Kh7 37. Nf6+ Kh8 38. Bd5 Bf7 39. Kf3 Bxd5+ 40. Nxd5
Rbb7 41. Rd1 Bb6 42. Nxb6 Rxb6 43. d7 Rg8 44. d8=Q Rxd8 45. Rxd8+ Kh7 46. Rad1
Rb7 47. R1d7+ Kg6 48. Rxb7 h5 49. Rd6# 1-0

[Event "4NCL Online Division 7"]
[Site "online"]
[Date "2021.01.26"]
[Round "1.67"]
[White "Reeves, Thomas"]
[Black "Barber, James R"]
[Result "0-1"]
[WhiteElo "925"]
[BlackElo "1307"]
[PlyCount "86"]
[EventDate "2021.01.26"]
[WhiteTeam "Wantage C"]
[BlackTeam "Catford Cosmonauts 4"]

1. e4 d5 2. exd5 Nf6 3. Nf3 Bg4 4. Be2 Qxd5 5. Nc3 Qf5 6. Nh4 Bxe2 7. Nxe2 Qg4
8. g3 e6 9. h3 Qe4 10. f3 Qe5 11. d4 Qa5+ 12. Bd2 Qb6 13. O-O c5 14. c3 Nc6 15.
Be3 Be7 16. b4 Nd5 17. Rb1 Nxe3 18. Qc1 Nxf1 19. bxc5 Qc7 20. Qxf1 O-O 21. f4
Na5 22. f5 Nc4 23. fxe6 Nd2 24. exf7+ Rxf7 25. Qxf7+ Kxf7 26. Rd1 Ne4 27. Rf1+
Kg8 28. Nf5 Bf6 29. Rf4 Ng5 30. h4 Ne6 31. Rg4 Rf8 32. d5 Nxc5 33. d6 Qb6 34.
Rb4 Qc6 35. Ne7+ Bxe7 36. dxe7 Re8 37. Nd4 Qg6 38. Ne2 Rxe7 39. Rd4 Rxe2 40.
Rd8+ Kf7 41. Rd7+ Nxd7 42. Kf1 Rxa2 43. Ke1 Qb1# 0-1

[Event "4NCL Online Division 7"]
[Site "online"]
[Date "2021.01.26"]
[Round "1.68"]
[White "Hunt, Iain"]
[Black "Richards, Edward"]
[Result "1-0"]
[WhiteElo "1232"]
[BlackElo "790"]
[PlyCount "33"]
[EventDate "2021.01.26"]
[WhiteTeam "Catford Cosmonauts 4"]
[BlackTeam "Wantage C"]

1. d4 d5 2. Nf3 Nc6 3. g3 Bg4 4. Bg2 e6 5. O-O Nf6 6. c4 h6 7. Nc3 Bb4 8. cxd5
exd5 9. Qb3 Qc8 10. Nxd5 Bd6 11. Nxf6+ gxf6 12. e4 O-O 13. Bxh6 Re8 14. Rfe1
Bxf3 15. Qxf3 Re6 16. Qg4+ Kh7 17. Qg7# 1-0

[Event "4NCL Online Division 7"]
[Site "online"]
[Date "2021.01.26"]
[Round "1.75"]
[White "Tzanidakis, Michail"]
[Black "Ivan, Austin"]
[Result "1-0"]
[WhiteElo "1670"]
[BlackElo "1660"]
[PlyCount "137"]
[EventDate "2021.01.26"]
[WhiteTeam "Guildford Castles 3"]
[BlackTeam "Harrow 4"]

1. e4 c5 2. Nf3 e6 3. d3 d5 4. Qe2 Be7 5. g3 Nc6 6. Bg2 Nf6 7. O-O O-O 8. e5
Nd7 9. c4 d4 10. Bf4 Qc7 11. h4 Rb8 12. Nbd2 b5 13. cxb5 Rxb5 14. b3 Rb8 15.
Rfc1 Ba6 16. Nc4 Bxc4 17. Rxc4 Rb4 18. Rc2 Rfb8 19. Qe4 Nf8 20. Ng5 Na5 21. Qf3
Ng6 22. Qh5 Bxg5 23. hxg5 Nxf4 24. gxf4 g6 25. Qh6 Nxb3 26. axb3 Rxb3 27. Be4
Rb1+ 28. Rc1 Rxa1 29. Rxa1 Qe7 30. Kg2 Qf8 31. Qxf8+ Kxf8 32. Rxa7 Rc8 33. Ra8
Rxa8 34. Bxa8 Ke7 35. Kf3 Kd8 36. Bc6 Ke7 37. Ke4 Kf8 38. Kf3 Ke7 39. Ke2 Kd8
40. Kd2 Ke7 41. Kc2 Kf8 42. Kb3 Kg7 43. Kc4 h5 44. Kxc5 h4 45. Kxd4 h3 46. Ke3
h2 47. Bh1 Kf8 48. Kf3 Ke7 49. Kg3 Kd8 50. Kxh2 Kc7 51. Kg3 Kb6 52. Kf3 Kb5 53.
Ke3 Kc5 54. Kd2 Kb6 55. Kc2 Kb5 56. Kb3 Kc5 57. Kc3 Kb6 58. Kb4 Kc7 59. Kc5 Kd7
60. Bc6+ Ke7 61. Ba4 Kf8 62. Kd6 Kg7 63. Ke7 Kg8 64. Be8 f5 65. exf6 Kh8 66. f7
e5 67. f8=Q+ Kh7 68. Qh6+ Kg8 69. Bf7# 1-0

[Event "4NCL Online Division 7"]
[Site "online"]
[Date "2021.01.26"]
[Round "1.76"]
[White "Gurjar, Siena"]
[Black "Gunn, Michael J"]
[Result "1/2-1/2"]
[WhiteElo "1455"]
[BlackElo "1582"]
[PlyCount "60"]
[EventDate "2021.01.26"]
[WhiteTeam "Harrow 4"]
[BlackTeam "Guildford Castles 3"]

1. e4 e6 2. d4 d5 3. exd5 exd5 4. Bd3 Bd6 5. Nf3 Ne7 6. O-O Bf5 7. Re1 Bxd3 8.
Qxd3 h6 9. Nc3 c6 10. Be3 O-O 11. Rad1 Nd7 12. h3 Nf6 13. Ne5 Qc7 14. f4 a6 15.
Rf1 Rad8 16. Rde1 c5 17. dxc5 Bxc5 18. Bxc5 Qxc5+ 19. Kh1 Nc6 20. Nxc6 Qxc6 21.
Re5 d4 22. Ne4 Nxe4 23. Qxe4 Qxe4 24. Rxe4 d3 25. cxd3 Rxd3 26. Rf2 Rfd8 27.
Ree2 R8d7 28. Re8+ Kh7 29. Ree2 Rd1+ 30. Kh2 R1d3 1/2-1/2

[Event "4NCL Online Division 7"]
[Site "online"]
[Date "2021.01.26"]
[Round "1.77"]
[White "Celebi, Serhan"]
[Black "Patel, Krrish"]
[Result "1-0"]
[WhiteElo "1547"]
[BlackElo "1411"]
[PlyCount "68"]
[EventDate "2021.01.26"]
[WhiteTeam "Guildford Castles 3"]
[BlackTeam "Harrow 4"]

1. e4 c5 2. Nf3 d6 3. d4 cxd4 4. Nxd4 Nf6 5. f3 g6 6. Be3 Bg7 7. Nc3 O-O 8. Qd2
Nc6 9. Be2 Bd7 10. h4 h5 11. O-O-O a6 12. Rhg1 b5 13. Nxc6 Bxc6 14. a3 Rc8 15.
Kb1 Qd7 16. Bh6 Rfd8 17. Nd5 Bxd5 18. exd5 Qb7 19. Bxg7 Kxg7 20. g4 Rc5 21.
gxh5 Nxh5 22. Qg5 Qc7 23. Qxh5 Rxc2 24. Bd3 Rh8 25. Rxg6+ fxg6 26. Qxg6+ Kf8
27. Bxc2 Rg8 28. Qh6+ Ke8 29. Bg6+ Kd7 30. Bf5+ Ke8 31. Be6 Rf8 32. Rc1 Qb7 33.
Rc8+ Qxc8 34. Bxc8 Kd8 1-0

[Event "4NCL Online Division 7"]
[Site "online"]
[Date "2021.01.26"]
[Round "1.78"]
[White "Laza, Andrei"]
[Black "Garrood, Anthony"]
[Result "0-1"]
[WhiteElo "1227"]
[BlackElo "1411"]
[PlyCount "70"]
[EventDate "2021.01.26"]
[WhiteTeam "Harrow 4"]
[BlackTeam "Guildford Castles 3"]

1. b3 d5 2. Bb2 Nf6 3. e3 c5 4. Nf3 Nc6 5. Bb5 a6 6. Bxc6+ bxc6 7. O-O Bg4 8.
h3 Bh5 9. d4 e6 10. Nbd2 Be7 11. Qe2 a5 12. Qd3 Qc7 13. dxc5 Bxc5 14. Bd4 Bd6
15. c4 c5 16. Bc3 e5 17. cxd5 O-O 18. e4 Nd7 19. Nc4 Rfe8 20. Nxd6 Qxd6 21.
Rad1 f6 22. Nh4 Bxd1 23. Rxd1 g6 24. Bd2 a4 25. Rb1 axb3 26. axb3 Qa6 27. Qc3
Qa2 28. Qb2 Qxb2 29. Rxb2 Ra1+ 30. Kh2 Rea8 31. Nf3 R8a2 32. Rxa2 Rxa2 33. Be3
Kf7 34. Nd2 f5 35. f3 f4 0-1

[Event "4NCL Online Division 7"]
[Site "online"]
[Date "2021.02.09"]
[EventDate "2021.02.09"]
[Round "2.11"]
[White "Emelianova, Maria"]
[WhiteElo "2113"]
[WhiteTeam "Battersea Cats"]
[Black "Kwiatkowski, Feliks J"]
[BlackTitle "CM"]
[BlackElo "2271"]
[BlackTeam "Kings Head"]
[Result "0-1"]
[PlyCount "42"]

1. d4 Nf6 2. Nf3 g6 3. c3 Bg7 4. Bg5 d5 5. Nbd2 O-O 6. e3 c5 7. Be2 Qb6 8. dxc5 Qxb2 9. Nd4 Qxc3 10. Nb5 Qa5 11. Bf4 Ne4 12. Rc1 Bd7 13. Bc7 Qxd2+ 14. Qxd2 Nxd2 15. Kxd2 Na6 16. Ba5 Rfc8 17. Nc3 Rxc5 18. Bxa6 Rxa5 19. Bxb7 Rb8 20. Rb1 e6 21. Rhc1 Ra3 0-1

[Event "4NCL Online Division 7"]
[Site "online"]
[Date "2021.02.09"]
[EventDate "2021.02.09"]
[Round "2.12"]
[White "Ward, Julian T"]
[WhiteElo "2151"]
[WhiteTeam "Kings Head"]
[Black "Valentine, Tim"]
[BlackElo "1794"]
[BlackTeam "Battersea Cats"]
[Result "1-0"]
[PlyCount "103"]

1. Nf3 c5 2. c4 Nf6 3. d4 cxd4 4. Nxd4 e6 5. g3 d5 6. Bg2 e5 7. Nf3 d4 8. Bg5 Be7 9. O-O Nc6 10. Nfd2 O-O 11. a3 a5 12. Bxf6 Bxf6 13. Qc2 Qc7 14. Kh1 Rd8 15. Be4 g6 16. f4 Bg7 17. f5 gxf5 18. Bxf5 Bxf5 19. Qxf5 b6 20. Ne4 Qb7 21. Nbd2 Rf8 22. Kg1 Qe7 23. Nf6+ Bxf6 24. Qxf6 Qxf6 25. Rxf6 Rac8 26. Raf1 Rc7 27. b3 Re8 28. Ne4 Re6 29. Kg2 Nd8 30. R6f5 Rcc6 31. a4 Kg7 32. h4 f6 33. g4 Nf7 34. g5 Nd6 35. gxf6+ Kf8 36. Ng5 Nxf5 37. Rxf5 h6 38. Nxe6+ Rxe6 39. f7 e4 40. Rd5 Kxf7 41. Rxd4 Kf6 42. e3 h5 43. Rd5 Kg6 44. Rg5+ Kh6 45. Kf2 Rf6+ 46. Ke2 Re6 47. Rb5 Rd6 48. c5 bxc5 49. Rxa5 Rb6 50. Rb5 Rc6 51. a5 Kg6 52. Rb6 1-0

[Event "4NCL Online Division 7"]
[Site "online"]
[Date "2021.02.09"]
[EventDate "2021.02.09"]
[Round "2.14"]
[White "Thatte, Nishchal"]
[WhiteElo "1966"]
[WhiteTeam "Kings Head"]
[Black "Rebbeck, Christopher"]
[BlackElo "1451"]
[BlackTeam "Battersea Cats"]
[Result "1-0"]
[PlyCount "49"]

1. e4 e5 2. Nf3 Nc6 3. Bb5 a6 4. Ba4 Nf6 5. O-O b5 6. Bb3 Be7 7. Re1 d6 8. h3 Na5 9. c3 Nxb3 10. Qxb3 O-O 11. d4 Bb7 12. Nbd2 d5 13. dxe5 Nxe4 14. Nxe4 dxe4 15. Nd2 Bd5 16. Qc2 c5 17. Nxe4 c4 18. Bf4 f5 19. exf6 Bxf6 20. Rad1 Bxe4 21. Qxe4 Qb6 22. Rd6 Qa7 23. Qe6+ Kh8 24. Rd7 Qc5 25. Bd6 1-0

[Event "4NCL Online Division 7"]
[Site "online"]
[Date "2021.02.09"]
[EventDate "2021.02.09"]
[Round "2.21"]
[White "Toczek, Grzegorz"]
[WhiteTitle "FM"]
[WhiteElo "2307"]
[WhiteTeam "Newport A"]
[Black "Lamb, Ian"]
[BlackElo "1635"]
[BlackTeam "Bolton and Worsley 2"]
[Result "1-0"]
[PlyCount "43"]

1. c4 Nf6 2. Nc3 e6 3. d4 Bb4 4. e3 d5 5. a3 Bxc3+ 6. bxc3 c5 7. cxd5 Nxd5 8. Bd2 cxd4 9. cxd4 O-O 10. Nf3 Nc6 11. Bd3 Nf6 12. O-O Re8 13. Qc2 e5 14. dxe5 Nxe5 15. Nxe5 Rxe5 16. Bc3 Rh5 17. Be2 Rh6 18. Be5 Ng4 19. Rad1 Qh4 20. Rd4 Qg5 21. Bf4 Qh5 22. Rd8# 1-0

[Event "4NCL Online Division 7"]
[Site "online"]
[Date "2021.02.09"]
[EventDate "2021.02.09"]
[Round "2.22"]
[White "Lane, Anthony J"]
[WhiteElo "1705"]
[WhiteTeam "Bolton and Worsley 2"]
[Black "Rakos, Adam"]
[BlackElo "2157"]
[BlackTeam "Newport A"]
[Result "0-1"]
[PlyCount "114"]

1. e4 c5 2. Nf3 Nc6 3. d3 g6 4. g3 Bg7 5. Bg2 d6 6. O-O Bg4 7. h3 Bxf3 8. Bxf3 e6 9. c3 Qb6 10. Qc2 Nge7 11. Nd2 d5 12. Re1 O-O 13. Nf1 Ne5 14. Bg2 c4 15. dxc4 dxc4 16. Be3 Qc7 17. Bf4 N7c6 18. Nd2 b5 19. Nf3 Qb6 20. Be3 Qc7 21. Bf4 Rfd8 22. Nxe5 Nxe5 23. Kh1 Qe7 24. Bxe5 Bxe5 25. f4 Bc7 26. e5 Rab8 27. a3 Rd3 28. Kh2 Rbd8 29. Rad1 Qc5 30. Rxd3 Rxd3 31. b4 Qb6 32. Be4 Rd8 33. h4 a5 34. h5 Kg7 35. Kh1 Bb8 36. Kg2 Ba7 37. Kf3 axb4 38. axb4 gxh5 39. Bxh7 Rd7 40. Be4 Qd8 41. Re2 Rd3+ 42. Kg2 Rd1 43. Kh2 h4 44. g4 Be3 45. f5 Bf4+ 46. Kg2 exf5 47. Bxf5 h3+ 48. Kf3 Rf1+ 49. Rf2 Rxf2+ 50. Qxf2 Bxe5 51. Qe3 Qd1+ 52. Ke4 h2 53. Qg5+ Kf8 54. Qh6+ Ke7 55. Qh4+ Bf6 56. Qxh2 Qd3+ 57. Kf4 Qd6+ 0-1

[Event "4NCL Online Division 7"]
[Site "online"]
[Date "2021.02.09"]
[EventDate "2021.02.09"]
[Round "2.23"]
[White "Yeo, Gareth"]
[WhiteElo "2133"]
[WhiteTeam "Newport A"]
[Black "Busznyak, Arpad"]
[BlackElo "1593"]
[BlackTeam "Bolton and Worsley 2"]
[Result "1-0"]
[PlyCount "57"]

1. d4 d5 2. c4 e6 3. Nc3 Nf6 4. cxd5 Nxd5 5. Nf3 Nc6 6. e4 Nde7 7. Bg5 f6 8. Be3 Ng6 9. h4 Bb4 10. Qc2 a6 11. O-O-O Qe7 12. h5 Nf8 13. e5 Bd7 14. h6 O-O-O 15. hxg7 Qxg7 16. exf6 Qg6 17. Qb3 h6 18. Ne5 Nxe5 19. dxe5 Ba5 20. Bd3 Qe8 21. Rxh6 Rxh6 22. Bxh6 Qh5 23. Bxf8 Bxc3 24. Be7 Bxb2+ 25. Qxb2 Ba4 26. f3 Rxd3 27. Rxd3 Qh1+ 28. Kd2 Qxg2+ 29. Kc3 1-0

[Event "4NCL Online Division 7"]
[Site "online"]
[Date "2021.02.09"]
[EventDate "2021.02.09"]
[Round "2.24"]
[White "Beavan, Andrew"]
[WhiteElo "1450"]
[WhiteTeam "Bolton and Worsley 2"]
[Black "Graczyk-Gibiec, Barbara"]
[BlackElo "1930"]
[BlackTeam "Newport A"]
[Result "0-1"]
[PlyCount "68"]

1. e4 e6 2. Nf3 d5 3. exd5 exd5 4. d4 Bg4 5. Nc3 c6 6. Be2 Bd6 7. h3 Bh5 8. O-O Ne7 9. Bg5 f6 10. Be3 Qc7 11. g3 Nd7 12. Nh2 Bxe2 13. Qxe2 O-O-O 14. Qg4 g6 15. f4 Nf5 16. Rae1 Nxe3 17. Rxe3 Qb6 18. f5 gxf5 19. Rxf5 Rdg8 20. Qf3 Rxg3+ 21. Qxg3 Bxg3 22. Rxg3 Qxd4+ 23. Kh1 Re8 24. Rf1 Qh4 25. Rfg1 Ne5 26. Re3 d4 27. Reg3 dxc3 28. bxc3 Qe4+ 29. R1g2 Ng6 30. Rg4 Qe1+ 31. Rg1 Qxc3 32. R4g2 Qxh3 33. Rd1 Nf4 34. Rgg1 Re2 0-1

[Event "4NCL Online Division 7"]
[Site "online"]
[Date "2021.02.09"]
[EventDate "2021.02.09"]
[Round "2.31"]
[White "Westwood, Cameron"]
[WhiteElo "1705"]
[WhiteTeam "Aberystwyth University 1"]
[Black "Cook, Philip"]
[BlackElo "2147"]
[BlackTeam "Hebden Bridge 1"]
[Result "0-1"]
[PlyCount "46"]

1. c4 e5 2. g3 Nc6 3. Bg2 Nf6 4. e4 Bc5 5. Ne2 d6 6. O-O h5 7. h4 g5 8. hxg5 Nh7 9. Nbc3 a6 10. d3 Nxg5 11. Bxg5 Qxg5 12. Nd5 h4 13. Qc1 Qd8 14. Ne3 hxg3 15. Nxg3 Qh4 16. Re1 Qh2+ 17. Kf1 Bh3 18. Bxh3 Qxh3+ 19. Ke2 Nd4+ 20. Kd1 O-O-O 21. a3 Nb3 22. Qb1 Qh2 23. Re2 Bxe3 0-1

[Event "4NCL Online Division 7"]
[Site "online"]
[Date "2021.02.09"]
[EventDate "2021.02.09"]
[Round "2.32"]
[White "Clarkson, Andrew"]
[WhiteElo "2043"]
[WhiteTeam "Hebden Bridge 1"]
[Black "Horhey, Matthew"]
[BlackElo "1600"]
[BlackTeam "Aberystwyth University 1"]
[Result "1-0"]
[PlyCount "95"]

1. e4 c5 2. Nf3 Nc6 3. d4 cxd4 4. Nxd4 Nf6 5. Nc3 e6 6. Ndb5 Qa5 7. Bf4 Bb4 8. Nc7+ Ke7 9. Nxa8 Nxe4 10. Bd2 Nxd2 11. Qxd2 h6 12. Bd3 d5 13. a3 Bd7 14. O-O Bxc3 15. Qxc3 Qxc3 16. bxc3 Rxa8 17. Rab1 Na5 18. Bb5 a6 19. Bxd7 Kxd7 20. c4 dxc4 21. Rfd1+ Ke7 22. a4 Rc8 23. Rb4 g5 24. Kf1 Rc5 25. Ke2 f5 26. h4 Re5+ 27. Kf1 Re4 28. hxg5 Rh4 29. gxh6 Rxh6 30. Rb6 Rh4 31. Ke2 Re4+ 32. Kf3 c3 33. Rd3 Rxa4 34. Rxc3 Nc4 35. Rxb7+ Kd6 36. Ke2 Ne5 37. Rb6+ Kd5 38. f3 Nc4 39. Rb8 Nd6 40. Rd8 Rd4 41. Rd3 Rxd3 42. Kxd3 Kc5 43. Ra8 Kb6 44. Kd4 Kb7 45. Rg8 Nb5+ 46. Ke5 Nc7 47. Kd6 Kb6 48. Rb8+ 1-0

[Event "4NCL Online Division 7"]
[Site "online"]
[Date "2021.02.09"]
[EventDate "2021.02.09"]
[Round "2.33"]
[White "Bates, Toby"]
[WhiteElo "1550"]
[WhiteTeam "Aberystwyth University 1"]
[Black "Shapland, David"]
[BlackElo "1924"]
[BlackTeam "Hebden Bridge 1"]
[Result "0-1"]
[PlyCount "84"]

1. e4 c5 2. Nf3 d6 3. d4 cxd4 4. Nxd4 Nf6 5. Nc3 g6 6. Be2 Bg7 7. Be3 O-O 8. h4 h5 9. Qd2 Nc6 10. O-O-O Bd7 11. Kb1 Rc8 12. f3 Ne5 13. g4 hxg4 14. h5 Nxh5 15. Rxh5 gxh5 16. Bh6 Rc5 17. Qg5 Ng6 18. Nf5 Bxf5 19. exf5 Qa5 20. fxg4 Bxc3 21. Qxh5 Bxb2 22. Rh1 Qb4 23. Bc4 Rxc4 24. Bd2 Bc3+ 25. Kc1 Bxd2+ 26. Kd1 Qb1+ 27. Ke2 Nf4+ 28. Kxd2 Nxh5 29. Rxb1 Rxg4 30. Rxb7 Rg2+ 31. Kc3 Rc8+ 32. Kb4 Kf8 33. Rxa7 Rgxc2 34. a4 Nf6 35. a5 Nd5+ 36. Kb5 Rb2+ 37. Ka4 Rc3 38. Ra8+ Kg7 39. f6+ Kxf6 40. Rb8 Rxb8 41. a6 Rb4+ 42. Ka5 Ra3# 0-1

[Event "4NCL Online Division 7"]
[Site "online"]
[Date "2021.02.09"]
[EventDate "2021.02.09"]
[Round "2.34"]
[White "Leonard, Pete"]
[WhiteElo "1874"]
[WhiteTeam "Hebden Bridge 1"]
[Black "Rafferty, Kieran"]
[BlackElo "1500"]
[BlackTeam "Aberystwyth University 1"]
[Result "1-0"]
[PlyCount "79"]

1. e4 e5 2. Bc4 f5 3. exf5 Nf6 4. d4 exd4 5. Qxd4 d5 6. Bd3 Nc6 7. Qe3+ Kf7 8. Ne2 Bb4+ 9. c3 Re8 10. Qh3 Bd6 11. O-O Ne5 12. Bg5 h6 13. Bh4 Nxd3 14. Qxd3 Re4 15. Bxf6 Kxf6 16. Nd2 Re5 17. g4 Qe8 18. Ng3 c6 19. Nf3 Re7 20. Nh5+ Kf7 21. Rae1 Re4 22. Rxe4 Qxe4 23. Qxe4 dxe4 24. Nd2 e3 25. fxe3 Bc5 26. Re1 g6 27. Ng3 gxf5 28. gxf5 Bd7 29. Kg2 Rg8 30. Kf3 Bd6 31. e4 Bxg3 32. hxg3 Kf6 33. Kf4 h5 34. e5+ Ke7 35. e6 Rg4+ 36. Ke5 Bc8 37. Ne4 h4 38. f6+ Ke8 39. Nd6+ Kf8 40. e7+ 1-0

[Event "4NCL Online Division 7"]
[Site "online"]
[Date "2021.02.09"]
[EventDate "2021.02.09"]
[Round "2.41"]
[White "Jarmany, David"]
[WhiteElo "2306"]
[WhiteTeam "Hackney Spice Boys"]
[Black "Sandy, Paul"]
[BlackElo "1615"]
[BlackTeam "Wessex Some Stars F"]
[Result "1-0"]
[PlyCount "37"]

1. e4 b6 2. d4 Bb7 3. Bd3 g6 4. Be3 Bg7 5. Qd2 Nc6 6. c3 e6 7. Ne2 h5 8. Na3 Bh6 9. f4 Bg7 10. O-O Nf6 11. f5 Ne7 12. fxg6 fxg6 13. e5 Ne4 14. Qc2 Nf5 15. Bxe4 Nxe3 16. Bxg6+ Ke7 17. Rf7+ Ke8 18. Raf1 d6 19. Rxg7# 1-0